000
00377nam a2200133Ia 4500
008
151001s9999||||xx |||||||||||||| ||und||
100
_a
आशा जोशी
245
_a
अल्लाउदिन आणि जादूचा दिवा
250
_a
1
260
_b
सदभिरुची प्रकाशन
260
_c
1907
300
_a
107
365
_b
7
999
_c
952320
_d
952317